Guatemala: crecimiento económico y pobreza

Uloženo v:
Podrobná bibliografie
Korporativní autor: Universidad Rafael Landivar (Autor)
Médium: Kniha
Jazyk:španělština
Vydáno: Ciudad de Guatemala IDIES 1998
Témata:
Tagy: Přidat tag
Žádné tagy, Buďte první, kdo vytvoří štítek k tomuto záznamu!

MARC

LEADER 00000nam a2200000 a 4500
001 UCQ2666
003 CL-VaPUC
008 980724e19980000GT |||||||||||||||||spa|d
082 0 4 |a 339.46  |b UNI  |2 21 
110 2 |a Universidad Rafael Landivar  |e author  |9 416699 
245 1 0 |a Guatemala: crecimiento económico y pobreza 
300 |a 117 p 
942 |c BK 
945 |d 19980724 00:00:00  |a mvenant 
260 |a Ciudad de Guatemala  |b IDIES  |c 1998 
650 0 |a Pobreza  |9 258652 
650 0 |a Política económica   |9 255029 
650 7 |a CRISIS ECONOMICA  |2 CL-VaPUC  |9 416700 
650 0 |a Producción   |9 263680 
651 0 |a Guatemala  |9 258335 
583 |a last modification  |c 19980724 00:00:00  |k Rodrigo Vera 
999 |c 273451  |d 273449 
952 |0 0  |1 0  |4 0  |6 339_460000000000000_UNI_1998  |7 0  |8 P  |9 309021  |a BIBDER  |b BIBDER  |d 2019-11-20  |i 3447677  |o 339.46 UNI 1998  |p 3447677  |r 2023-01-25  |w 2019-11-20  |y BK  |k DER